000
00325nam a2200133Ia 4500
005
20251222155133.0
008
251222s9999||||xx |||||||||||||| ||spa||
082
_a
MAN.46
100
_a
GERONTO.
245
0
_a
Libros de Resumenes
250
_a
1ra. ed.
264
_b
No tiene
942
_c
LIB
999
_c
38900
_d
38900